Un corazón para siempre : manual pastoral de la devoción al Sagrado Corazón de Jesús hoy /

Đã lưu trong:
Chi tiết về thư mục
Tác giả chính: Arias, Guillermo (autor)
Định dạng: Sách
Ngôn ngữ:Tiếng Tây Ban Nha
Được phát hành: México : Buena Prensa, 1997, c1996
Các nhãn: Thêm thẻ
Không có thẻ, Là người đầu tiên thẻ bản ghi này!

MARC

LEADER 00000nam^a2200000^a^4500
001 000448429
005 20250521000000.0
009 20260310123659.059
020 |a 968-6056-96-3 
037 |a Acervo Xavier Clavigero 
041 |a ESP 
091 |a FCA. 02392 
100 |a Arias, Guillermo  |e (autor) 
245 1 3 |a Un corazón para siempre :  |b manual pastoral de la devoción al Sagrado Corazón de Jesús hoy / 
264 4 |a México :  |b Buena Prensa,  |c 1997, c1996 
300 |a 144 p. 
336 |a texto  |b txt  |2 rdacontenido 
337 |a sin mediación  |b n  |2 rdamedio 
338 |a volumen  |b nc  |2 rdasoporte 
649 |a XX 
910 |a Fondo Xavier Cacho Vázquez S.J. 
920 |a Impresos - Libros 
930 |a Fondos Especiales 
905 |a 131 
901 |a 0500379617  |b IT2  |c ESP  |i D  |u 20250521 
902 |a https://opac.biblio.iteso.mx/vufind/Record/000448429